00339nam a22001097a 4500008004100000020001500041050002700056100002000083245008300103260003300186300001000219210824b |||||||| |||| 00| 0 eng d a1980274087 aQA76.76b.H38 2018 c.1 aHaunts, Stephen aA gentle introduction to agile and lean software development cStephen Haunts  aUKbStephen Haunts Ltdc2018 a200p.